Fighting truth decay: (Record no. 6402)
[ view plain ]
| 000 -LEADER | |
|---|---|
| fixed length control field | 00541nam a22001937a 4500 |
| 003 - CONTROL NUMBER IDENTIFIER | |
| control field | GBCCL |
| 005 - DATE AND TIME OF LATEST TRANSACTION | |
| control field | 20241126110602.0 |
| 008 - FIXED-LENGTH DATA ELEMENTS--GENERAL INFORMATION | |
| fixed length control field | 180514b ||||| |||| 00| 0 eng d |
| 020 ## - INTERNATIONAL STANDARD BOOK NUMBER | |
| International Standard Book Number | 184030121X |
| 040 ## - CATALOGING SOURCE | |
| Transcribing agency | gbc |
| 082 ## - DEWEY DECIMAL CLASSIFICATION NUMBER | |
| Classification number | 227.9707 |
| Item number | GOR |
| 100 ## - MAIN ENTRY--PERSONAL NAME | |
| Personal name | Gordon, Sam |
| 9 (RLIN) | 7437 |
| 245 ## - TITLE STATEMENT | |
| Title | Fighting truth decay: |
| Remainder of title | The message of Jude / |
| Statement of responsibility, etc. | Sam Gordon |
| 260 ## - PUBLICATION, DISTRIBUTION, ETC. | |
| Name of publisher, distributor, etc. | Ambassador Publications, |
| Place of publication, distribution, etc. | Belfast: |
| Date of publication, distribution, etc. | 2002 |
| 300 ## - PHYSICAL DESCRIPTION | |
| Extent | 166 p.; |
| Dimensions | 21 cm. |
| 440 ## - SERIES STATEMENT/ADDED ENTRY--TITLE | |
| Title | Truth for today |
| 9 (RLIN) | 11466 |
| 650 ## - SUBJECT ADDED ENTRY--TOPICAL TERM | |
| Topical term or geographic name entry element | Bible |
| Form subdivision | Jude |
| General subdivision | Commentaries |
| 9 (RLIN) | 11467 |
| 942 ## - ADDED ENTRY ELEMENTS (KOHA) | |
| Source of classification or shelving scheme | Dewey Decimal Classification |
| Koha item type | Books |
| Koha issues (borrowed), all copies | 1 |
| Withdrawn status | Lost status | Source of classification or shelving scheme | Damaged status | Not for loan | Home library | Current Library | Shelving location | Date acquired | Total checkouts | Full call number | Barcode | Date last seen | Date last checked out | Copy number | Price effective from | Koha item type |
|---|---|---|---|---|---|---|---|---|---|---|---|---|---|---|---|---|
| Dewey Decimal Classification | GRACE BIBLE COLLEGE | GRACE BIBLE COLLEGE | Biblical Studies | 2018-05-14 | 1 | 227.9707 GOR | 001442 | 2025-05-01 | 2018-09-12 | c.1 | 2018-05-14 | Books |